000 00898nam a2200253Ia 4500
003 OSt
005 20221005104928.0
006 a|||||r|||| 00| 0
007 ta
008 221004b |||||||| |||| 00| 0 hin d
020 _a9788185999678 (hbk)
_c135
024 _a96700
037 _b427, 24/03/2009, Swaraj Prakashan
_cTextual
040 _aCRL
_cCRL
_bhin
041 _2hin
_ahin
082 _aO152,3N58x, P8
100 _aवीरेन्द्र कुमार
245 0 _aअन्नदाता
_b कहानी संग्रह
246 _aAnnadātā: kahānī sangraha
260 _aदिल्ली
_bस्वराज प्रकाशन भारत
_c2008
300 _a68पृ0
_ccm.
942 _hO152,3N58x, P8
_cTEXL
_2cc
999 _c1014228
_d1014228